Provinces of Panama on a map - Statistics

General Stats
  • This quiz has been taken 1,256 times
  • The average score is 7 of 14
Answers on the Map
Answers color-coded by a green-red scale on the quiz's map according to % correct below.
 
Answer Stats
Answer % Correct
Panamá
94%
Colón
70%
Darién
66%
Panamá Oeste
62%
Bocas del Toro
49%
Emberá
43%
Guna Yala
43%
Los Santos
43%
Ngöbe-Buglé
43%
Chiriquí
42%
Coclé
42%
Herrera
42%
Veraguas
39%
Naso Tjër Di
33%
No matching quizzes found
Score Distribution
Percent of People with Each Score
Percentile by Number Answered
Your Score History
You have not taken this quiz